000 00669nam a2200277Ia 4500
005 20260324115350.0
008 008 260324s9999 xx 000 0 eng d
020 _a9781315186191
037 _aEBOOK
040 _aCRL
040 _beng
040 _cCRL
041 _2eng
041 _aeng
084 _qCRL
100 _aMichael Szycher
_91154379
245 0 _aSzycher’s Practical Handbook of Entrepreneurship and Innovation
260 _bTaylor and Francis
260 _c2018
365 _a
365 _b320
856 _uhttp://www.taylorfrancis.com/books/9781315186191
942 _cEBOOK
999 _c1745217
_d1745217